[Event "ARM-chT"]
[Site "Yerevan"]
[Date "2018.06.12"]
[Round "5.4"]
[White "Baghdasaryan, Vahe"]
[Black "Kalantaryan, Norayr"]
[Result "0-1"]
[WhiteElo "2406"]
[BlackElo "2381"]
[PlyCount "70"]
[EventDate "2018.06.08"]
[EventType "team-tourn"]
[EventRounds "7"]
[EventCountry "ARM"]
[SourceTitle "CBM 184 Extra"]
[Source "ChessBase"]
[SourceDate "2018.06.28"]
[SourceVersion "1"]
[SourceVersionDate "2018.06.28"]
[SourceQuality "1"]
[WhiteTeam "Ejmiadzin"]
[BlackTeam "Yerevan"]
[WhiteTeamCountry "ARM"]
[BlackTeamCountry "ARM"]

1. c4 Nc6 2. e4 e5 3. Nc3 Bc5 4. Nf3 d6 5. h3 Nge7 6. d3 0-0 7. g4 Ng6 8. Bg5 f6 9. Be3 Nd4 10. Bxd4 exd4 11. Ne2 Bb4+ 12. Nd2 c5 13. Bg2 Nh4 14. Rg1 Nxg2+ 15. Rxg2 Rb8 16. Kf1 Bxd2 17. Qxd2 b5 18. b3 bxc4 19. bxc4 Qb6 20. f4 Qb2 21. Qd1 g5 22. Kg1 Qa3 23. h4 Bd7 24. hxg5 Ba4 25. Qd2 Rb2 26. Qc1 Rfb8 27. Rg3 Qb4 28. Rg2 Qa3 29. f5 Qxd3 30. Nf4 Rxg2+ 31. Nxg2 Qxe4 32. g6 Bc6 33. gxh7+ Kxh7 34. Qd2 Qxg4 35. Re1 Rg8 0-1

[Event "WchT Seniors 50"]
[Site "Radebeul"]
[Date "2016.06.28"]
[Round "3.4"]
[White "Kannenberg, Karl Heinz"]
[Black "Kalantaryan, Norayr"]
[Result "0-1"]
[WhiteElo "2236"]
[BlackElo "2378"]
[PlyCount "84"]
[EventDate "2016.06.26"]
[EventType "team-swiss"]
[EventRounds "9"]
[EventCountry "GER"]
[SourceTitle "CBM 173 Extra"]
[Source "ChessBase"]
[SourceDate "2016.08.29"]
[SourceVersion "1"]
[SourceVersionDate "2016.08.29"]
[SourceQuality "1"]
[WhiteTeam "Forchheim"]
[BlackTeam "Armenia"]
[WhiteTeamCountry "GER"]
[BlackTeamCountry "ARM"]

1. d4 Nc6 2. Nf3 d6 3. e3 e5 4. Be2 Nf6 5. 0-0 Be7 6. c4 0-0 7. Nc3 h6 8. Qc2 exd4 9. exd4 d5 10. c5 Re8 11. Bb5 Bf8 12. Bf4 Bd7 13. Bxc6 Bxc6 14. Ne5 Bd7 15. Nxd7 Qxd7 16. Rfe1 c6 17. h3 Ne4 18. Rad1 Nxc3 19. Qxc3 Re4 20. Rxe4 dxe4 21. Qc4 Rd8 22. b4 a6 23. a4 Qd5 24. Qxd5 Rxd5 25. Kf1 f5 26. Ke2 Kf7 27. Ke3 Ke6 28. Rb1 Rd7 29. b5 axb5 30. axb5 g5 31. Be5 Kd5 32. bxc6 bxc6 33. Ra1 Bg7 34. Bxg7 Rxg7 35. Ra4 Rb7 36. g3 Rb3+ 37. Ke2 f4 38. gxf4 gxf4 39. Ra8 Kxd4 40. h4 f3+ 41. Kd2 Rb2+ 42. Ke1 Kc3 0-1

[Event "Los Angeles Metropolitan 25th"]
[Site "Los Angeles"]
[Date "2013.03.20"]
[Round "2"]
[White "Viswanadha, Kesav"]
[Black "Kalantaryan, Norayr"]
[Result "1-0"]
[WhiteElo "2149"]
[BlackElo "2412"]
[PlyCount "91"]
[EventDate "2013.03.20"]
[EventType "tourn"]
[EventRounds "10"]
[EventCountry "USA"]
[EventCategory "3"]
[SourceTitle "CBM 153 Extra"]
[Source "ChessBase"]
[SourceDate "2013.04.22"]
[SourceVersion "1"]
[SourceVersionDate "2013.04.22"]
[SourceQuality "1"]

1. e4 Nc6 2. Nf3 d6 3. d4 Nf6 4. Nc3 Bg4 5. Be3 e6 6. h3 Bxf3 7. Qxf3 d5 8. e5 Nd7 9. Bb5 a6 10. Bxc6 bxc6 11. Na4 f6 12. Qg4 Qe7 13. Nc5 Nxc5 14. exf6 gxf6 15. dxc5 Bg7 16. 0-0-0 0-0 17. Rhe1 e5 18. f4 f5 19. Qg3 e4 20. Qf2 Rab8 21. c3 a5 22. Bd4 a4 23. Bxg7 Qxg7 24. Rd4 Ra8 25. Qe3 Ra5 26. g4 Kh8 27. Rg1 Raa8 28. g5 Rg8 29. Qe2 Qe7 30. Qe3 Ra5 31. Rb4 Qxc5 32. Qxc5 Rxc5 33. Rxa4 Kg7 34. Kc2 Rd8 35. Rd1 Rb5 36. Rad4 Kf7 37. b4 Ke6 38. a4 Rbb8 39. a5 c5 40. bxc5 Rb5 41. Ra1 Ra8 42. a6 Rxc5 43. Rb4 Rc6 44. a7 Rb6 45. Rxb6+ cxb6 46. h4 1-0

[Event "New York op"]
[Site "New York"]
[Date "2000.05.11"]
[Round "9"]
[White "Bu, Xiangzhi"]
[Black "Kalantaryan, Norayr"]
[Result "0-1"]
[WhiteElo "2565"]
[BlackElo "2474"]
[PlyCount "104"]
[EventDate "2000.05.05"]
[EventType "swiss"]
[EventRounds "9"]
[EventCountry "USA"]
[SourceTitle "CBM 076 Extra"]
[Source "ChessBase"]
[SourceDate "2000.07.11"]
[SourceVersion "1"]
[SourceVersionDate "2000.07.11"]
[SourceQuality "1"]

1. d4 Nf6 2. c4 g6 3. Nc3 d5 4. cxd5 Nxd5 5. e4 Nxc3 6. bxc3 Bg7 7. Nf3 c5 8. Rb1 0-0 9. Be2 Nc6 10. d5 Bxc3+ 11. Bd2 Bxd2+ 12. Qxd2 Na5 13. h4 Bg4 14. h5 Bxf3 15. gxf3 e5 16. hxg6 fxg6 17. d6 b6 18. Qd5+ Kg7 19. Qxe5+ Qf6 20. Qh2 h5 21. Rd1 Nc6 22. Rd5 Nd4 23. Qg3 Nxf3+ 24. Kf1 Qc3 25. Kg2 Ne1+ 26. Kh2 Qxg3+ 27. Kxg3 Nc2 28. e5 Nd4 29. Rxd4 cxd4 30. e6 Rfd8 31. d7 Kf6 32. Bc4 b5 33. Bb3 a5 34. Rh4 Ke5 35. Kf3 Rf8+ 36. Ke2 a4 37. Bc2 Kxe6 38. Bxg6 Kxd7 39. Rxd4+ Kc6 40. Rh4 Kb6 41. Rxh5 Rac8 42. Bd3 Rc5 43. Rh6+ Ka5 44. Ke3 Kb4 45. Rb6 Re8+ 46. Kf3 Ree5 47. Kg4 Rg5+ 48. Kh4 Rg2 49. a3+ Kxa3 50. Bxb5 Rxf2 51. Be8 Rf4+ 52. Kg3 Rb4 0-1

[Event "Ubeda op 5th"]
[Site "Ubeda"]
[Date "2000.01.21"]
[Round "3"]
[White "Minasian, Artashes"]
[Black "Kalantaryan, Norayr"]
[Result "1-0"]
[WhiteElo "2598"]
[BlackElo "2474"]
[PlyCount "89"]
[EventDate "2000.01.19"]
[EventType "swiss"]
[EventRounds "10"]
[EventCountry "ESP"]
[SourceTitle "CBM 075"]
[Source "ChessBase"]
[SourceDate "2000.04.05"]
[SourceVersion "1"]
[SourceVersionDate "2000.04.05"]
[SourceQuality "1"]

1. b3 e5 2. Bb2 Nc6 3. e3 d5 4. Bb5 Bd6 5. f4 Qe7 6. Nf3 Bg4 7. h3 Bxf3 8. Qxf3 Nf6 9. 0-0 0-0-0 10. Bxc6 bxc6 11. fxe5 Bxe5 12. Qf5+ Nd7 13. Bxe5 Qxe5 14. Qxe5 Nxe5 15. d4 Ng6 16. Rxf7 Rde8 17. Kf2 Rhf8 18. Rxf8 Rxf8+ 19. Ke2 Nh4 20. Nd2 Nf5 21. Nf3 Ng3+ 22. Kd3 Ne4 23. Rf1 Ng3 24. Rc1 Kb7 25. c4 Ne4 26. b4 a6 27. a4 Nf2+ 28. Ke2 Ne4 29. Kd3 Nf2+ 30. Kc3 Nxh3 31. Rh1 Nf2 32. Rxh7 Ng4 33. cxd5 cxd5 34. Rxg7 Nxe3 35. Ne5 Nd1+ 36. Kb3 Rf4 37. Nd3 Rxd4 38. Nc5+ Kb6 39. Rg6+ Ka7 40. Rxa6+ Kb8 41. Rc6 Rg4 42. Na6+ Kb7 43. b5 Rc4 44. Nc5+ Kc8 45. b6 1-0

[Event "Ubeda op 5th"]
[Site "Ubeda"]
[Date "2000.01.20"]
[Round "2"]
[White "Kalantaryan, Norayr"]
[Black "Hovhannisyan, Mher"]
[Result "1-0"]
[WhiteElo "2474"]
[BlackElo "2361"]
[PlyCount "85"]
[EventDate "2000.01.19"]
[EventType "swiss"]
[EventRounds "10"]
[EventCountry "ESP"]
[SourceTitle "CBM 075"]
[Source "ChessBase"]
[SourceDate "2000.04.05"]
[SourceVersion "1"]
[SourceVersionDate "2000.04.05"]
[SourceQuality "1"]

1. d4 f5 2. Bg5 Nf6 3. Bxf6 exf6 4. e3 d5 5. c4 Bb4+ 6. Nc3 0-0 7. Qb3 Bxc3+ 8. bxc3 dxc4 9. Bxc4+ Kh8 10. Ne2 Nc6 11. Qa3 Re8 12. h4 b6 13. Nf4 Na5 14. Bf7 Re7 15. Bb3 Qd6 16. h5 Nxb3 17. Qxd6 cxd6 18. axb3 Bb7 19. c4 Kg8 20. Kd2 Kf7 21. d5 a6 22. Ra4 Bc8 23. Rha1 Rea7 24. Ne2 Bd7 25. R4a2 g5 26. Nd4 Bc8 27. Kd3 h6 28. f3 Ke8 29. g3 Kf7 30. e4 fxe4+ 31. fxe4 Kg7 32. Rf2 Bd7 33. b4 Rf8 34. Rfa2 Bc8 35. g4 Re8 36. Nb5 Rd7 37. Rxa6 Bxa6 38. Rxa6 Rb8 39. Nd4 Rdb7 40. Nf5+ Kf8 41. Nxd6 Rc7 42. Nf5 Rh7 43. c5 1-0

[Event "Linares Anibal op 07th"]
[Site "Linares"]
[Date "2000.01.15"]
[Round "9"]
[White "Hauchard, Arnaud"]
[Black "Kalantaryan, Norayr"]
[Result "0-1"]
[WhiteElo "2518"]
[BlackElo "2437"]
[PlyCount "82"]
[EventDate "2000.01.07"]
[EventType "swiss"]
[EventRounds "10"]
[EventCountry "ESP"]
[SourceTitle "CBM 075"]
[Source "ChessBase"]
[SourceDate "2000.04.05"]
[SourceVersion "1"]
[SourceVersionDate "2000.04.05"]
[SourceQuality "1"]

1. c4 e6 2. Nf3 d5 3. b3 Nf6 4. g3 Be7 5. Bg2 0-0 6. 0-0 b6 7. Bb2 Bb7 8. d3 c5 9. e3 Nc6 10. Qe2 Qc7 11. Nc3 dxc4 12. bxc4 Rac8 13. Rab1 Rfd8 14. Ba1 Qb8 15. Ne1 Rd7 16. f4 Rcd8 17. a3 Na5 18. Bxb7 Qxb7 19. g4 Bf8 20. g5 Ne8 21. Nd1 Qc6 22. Nf2 Qa4 23. Nf3 Nc6 24. Ne5 Nxe5 25. Bxe5 Nd6 26. e4 Rb7 27. Ng4 b5 28. Qd2 Ne8 29. Rxb5 Rbd7 30. Nf2 a6 31. Rb6 Bd6 32. Bxd6 Nxd6 33. Ng4 Ne8 34. Ne5 Rc7 35. Qb2 f6 36. gxf6 gxf6 37. Ng4 Rg7 38. h3 h5 39. Rxe6 hxg4 40. hxg4 Qd7 41. f5 Rxg4+ 0-1

[Event "Linares Anibal op 07th"]
[Site "Linares"]
[Date "2000.01.09"]
[Round "3"]
[White "Kalantaryan, Norayr"]
[Black "Hagesaether, Halvard"]
[Result "0-1"]
[WhiteElo "2437"]
[BlackElo "2222"]
[PlyCount "62"]
[EventDate "2000.01.07"]
[EventType "swiss"]
[EventRounds "10"]
[EventCountry "ESP"]
[SourceTitle "CBM 075"]
[Source "ChessBase"]
[SourceDate "2000.04.05"]
[SourceVersion "1"]
[SourceVersionDate "2000.04.05"]
[SourceQuality "1"]

1. d4 Nf6 2. c4 Nc6 3. Nc3 e5 4. d5 Ne7 5. e4 Ng6 6. a3 Bc5 7. g3 0-0 8. Bg2 a6 9. b4 Ba7 10. Nge2 d6 11. h3 Ne8 12. 0-0 f5 13. exf5 Bxf5 14. Be3 Bxe3 15. fxe3 Qg5 16. e4 Qe3+ 17. Kh2 Bd7 18. Rxf8+ Kxf8 19. Qf1+ Nf6 20. Qf3 Qd2 21. Rd1 Qh6 22. Rf1 Kg8 23. Nd1 Rf8 24. Qd3 Bxh3 25. Bxh3 Ng4+ 26. Kg2 Rxf1 27. Kxf1 Qxh3+ 28. Ke1 Nf4 29. Qf3 Nh2 30. Qh1 Nd3+ 31. Kd2 Nf1+ 0-1

[Event "CCA ChessWise op"]
[Site "Stratton Mountain"]
[Date "1999.06.13"]
[Round "5"]
[White "Friedman, Josef"]
[Black "Kalantaryan, Norayr"]
[Result "0-1"]
[WhiteElo "2176"]
[BlackElo "2381"]
[PlyCount "76"]
[EventDate "1999.06.??"]
[EventType "swiss"]
[EventRounds "9"]
[EventCountry "USA"]
[SourceTitle "EXT 2000"]
[Source "ChessBase"]
[SourceDate "1999.11.16"]
[SourceVersion "1"]
[SourceVersionDate "1999.11.16"]
[SourceQuality "1"]

1. d4 Nf6 2. Nf3 g6 3. Bg5 Bg7 4. Nbd2 c5 5. c3 cxd4 6. cxd4 0-0 7. e3 Nc6 8. Be2 d6 9. 0-0 h6 10. Bh4 g5 11. Bg3 Nh5 12. Qc2 Nxg3 13. hxg3 e5 14. dxe5 dxe5 15. Rfd1 Qe7 16. Bc4 Kh8 17. Ne4 f5 18. Nd6 e4 19. Nh2 Nd4 20. Nxc8 Raxc8 21. exd4 b5 22. b3 bxc4 23. bxc4 Rfd8 24. Qc3 Qf6 25. Qa5 Qf7 26. Rac1 Bxd4 27. g4 f4 28. Kh1 Qf6 29. c5 Bxf2 30. c6 Bb6 31. Qb5 Rxd1+ 32. Rxd1 Qxc6 33. Qf5 Re8 34. Nf1 Qe6 35. Qb5 Rd8 36. Rc1 Qd5 37. Qb2+ Qd4 38. Qb5 Qg1# 0-1

[Event "Ubeda op 4th"]
[Site "Ubeda"]
[Date "1999.01.22"]
[Round "3"]
[White "Vera Gonzalez Quevedo, Reynaldo"]
[Black "Kalantaryan, Norayr"]
[Result "1-0"]
[WhiteElo "2530"]
[BlackElo "2415"]
[PlyCount "69"]
[EventDate "1999.01.??"]
[EventType "swiss"]
[EventRounds "10"]
[EventCountry "ESP"]
[SourceTitle "CBM 068 Extra"]
[Source "ChessBase"]
[SourceDate "1999.03.01"]
[SourceVersion "1"]
[SourceVersionDate "1999.03.01"]
[SourceQuality "1"]

1. d4 Nf6 2. Nf3 g6 3. Bf4 Bg7 4. e3 0-0 5. Be2 d6 6. h3 c5 7. c3 Re8 8. 0-0 b6 9. Nbd2 Bb7 10. Bh2 Nbd7 11. a4 Ne4 12. a5 Nxd2 13. Nxd2 e5 14. Nc4 Bf8 15. dxe5 dxe5 16. axb6 Qg5 17. Bg4 Nxb6 18. Nxe5 Bg7 19. Bf3 Rad8 20. Qe2 Bxe5 21. Bxb7 Bxh2+ 22. Kxh2 Re7 23. Bf3 Red7 24. Qb5 Qe7 25. Kg1 Rd2 26. Rfd1 Kg7 27. g3 h5 28. h4 Qf6 29. Kg2 Qf5 30. e4 Qe5 31. Rxd2 Rxd2 32. Rxa7 g5 33. hxg5 Qxg5 34. Qe8 Qg6 35. Qe5+ 1-0

[Event "EU-Cup 12th final"]
[Site "Budapest"]
[Date "1996.11.21"]
[Round "1"]
[White "Ibragimov, Ildar"]
[Black "Kalantaryan, Norayr"]
[Result "1/2-1/2"]
[WhiteElo "2545"]
[BlackElo "2460"]
[PlyCount "41"]
[EventDate "1996.11.21"]
[EventType "team-k.o."]
[EventRounds "4"]
[EventCountry "HUN"]
[SourceTitle "EXT 2020"]
[Source "ChessBase"]
[SourceDate "2019.10.17"]
[SourceVersion "1"]
[SourceVersionDate "2019.10.17"]
[SourceQuality "1"]
[WhiteTeam "Kazan TatTransGaz-Itil"]
[BlackTeam "Yerevan"]
[WhiteTeamCountry "RUS"]
[BlackTeamCountry "ARM"]

1. c4 Nf6 2. Nc3 c5 3. Nf3 e6 4. e3 d5 5. d4 Nc6 6. a3 dxc4 7. Bxc4 Be7 8. 0-0 0-0 9. dxc5 Qxd1 10. Rxd1 Bxc5 11. b4 Be7 12. Bb2 a6 13. Bb3 b5 14. e4 a5 15. e5 Nd7 16. Nxb5 axb4 17. axb4 Rxa1 18. Bxa1 Nxb4 19. Nd6 Nc5 20. Bc3 Nc6 21. Nxc8 1/2-1/2

[Event "Yerevan op"]
[Site "Yerevan"]
[Date "1996.??.??"]
[Round "7"]
[White "Kacheishvili, Giorgi"]
[Black "Kalantaryan, Norayr"]
[Result "1/2-1/2"]
[WhiteElo "2460"]
[BlackElo "2480"]
[PlyCount "97"]
[EventDate "1996.??.??"]
[EventType "swiss"]
[EventRounds "11"]
[EventCountry "ARM"]
[SourceTitle "CBM 052 Extra"]
[Source "ChessBase"]
[SourceDate "1996.07.01"]
[SourceVersion "1"]
[SourceVersionDate "1996.07.01"]
[SourceQuality "1"]

1. d4 Nf6 2. Nf3 g6 3. c4 Bg7 4. Nc3 d5 5. Qb3 dxc4 6. Qxc4 0-0 7. e4 Na6 8. Be2 c5 9. d5 e6 10. 0-0 exd5 11. exd5 b6 12. Qh4 Nb4 13. Bg5 h6 14. Bxh6 Nbxd5 15. Ng5 Ne7 16. Rfd1 Qc7 17. Bd3 Nh5 18. Bxg7 Kxg7 19. Nb5 Qb8 20. Be4 Nf5 21. Qh3 Nfg3 22. Qh4 Nxe4 23. Qxe4 Nf6 24. Qe7 Qf4 25. Qe3 Qxe3 26. fxe3 Bg4 27. Rd2 Rad8 28. Nd6 Nh7 29. Nf3 Bxf3 30. gxf3 Ng5 31. Kf2 Rh8 32. h4 Kf8 33. Kg3 Ne6 34. Rad1 Ke7 35. Nb5 Rxd2 36. Rxd2 a6 37. Nc3 Rb8 38. f4 b5 39. Kg4 f5+ 40. Kg3 b4 41. Nd5+ Kf7 42. Nc7 Ke7 43. Nd5+ Kf7 44. Rc2 Rb5 45. b3 Rb8 46. Kf3 a5 47. Rh2 c4 48. bxc4 a4 49. h5 1/2-1/2

[Event "Cannes Masters"]
[Site "Cannes"]
[Date "1995.??.??"]
[Round "2"]
[White "Boudenne, Jean Baptiste"]
[Black "Kalantaryan, Norayr"]
[Result "0-1"]
[WhiteElo "2240"]
[BlackElo "2460"]
[PlyCount "116"]
[EventDate "1995.??.??"]
[EventType "tourn"]
[EventRounds "11"]
[EventCountry "FRA"]
[EventCategory "5"]
[SourceTitle "EXT 1998"]
[Source "ChessBase"]
[SourceDate "1997.11.17"]
[SourceVersion "1"]
[SourceVersionDate "1997.11.17"]
[SourceQuality "1"]

1. e4 g6 2. d4 Bg7 3. c4 d6 4. Nc3 e5 5. Be3 Nc6 6. Nge2 Nf6 7. f3 0-0 8. Qd2 a6 9. d5 Na5 10. Nc1 c5 11. Bd3 Bd7 12. 0-0 Rb8 13. a4 Qb6 14. b4 Qxb4 15. Rb1 Nxc4 16. Qe1 Nxe3 17. Rxb4 cxb4 18. Qxe3 bxc3 19. a5 Rfc8 20. Rf2 Ne8 21. Rc2 Bf6 22. Be2 Rc7 23. Na2 Rbc8 24. Rxc3 Rxc3 25. Nxc3 Bd8 26. Bd1 Bxa5 27. Na4 Rc4 28. Nb2 Rc7 29. h4 Bc3 30. Qe2 b5 31. Kh2 a5 32. Nd3 b4 33. Nb2 Bxb2 34. Qxb2 Rc5 35. h5 g5 36. h6 f6 37. g3 Rc3 38. Qf2 a4 39. Qa7 Rc7 40. Qb6 b3 41. Bxb3 axb3 42. Qxb3 Kf7 43. Qd3 Kg6 44. f4 Kxh6 45. f5 Kg7 46. Kg2 Kf7 47. Kf3 h5 48. Qd2 Ke7 49. Qa5 Rc5 50. Qa2 Ng7 51. Qb2 Ne8 52. Ke3 Nc7 53. Qb8 Be8 54. Kf2 Nb5 55. Ke3 Rc3+ 56. Kf2 Rc2+ 57. Ke3 Nd4 58. Qb7+ Bd7 0-1

[Event "Cannes op"]
[Site "Cannes"]
[Date "1995.??.??"]
[Round "6"]
[White "Hebert, Jean"]
[Black "Kalantaryan, Norayr"]
[Result "1-0"]
[WhiteElo "2400"]
[BlackElo "2460"]
[PlyCount "109"]
[EventDate "1995.02.??"]
[EventType "swiss"]
[EventRounds "9"]
[EventCountry "FRA"]
[SourceTitle "CBM 046 Extra"]
[Source "ChessBase"]
[SourceDate "1995.07.01"]
[SourceVersion "1"]
[SourceVersionDate "1995.07.01"]
[SourceQuality "1"]

1. c4 Nf6 2. Nc3 g6 3. e4 d6 4. d4 Bg7 5. Be2 0-0 6. Nf3 e5 7. Be3 Ng4 8. Bg5 f6 9. Bc1 Nc6 10. h3 Nh6 11. 0-0 Nf7 12. Be3 f5 13. dxe5 dxe5 14. Qxd8 Nfxd8 15. Nd5 Ne6 16. Ng5 Ncd4 17. Bd3 Nxg5 18. Bxg5 c6 19. Ne7+ Kh8 20. Nxc8 Rfxc8 21. exf5 gxf5 22. Rae1 e4 23. Bb1 Re8 24. Kh1 Ne6 25. Bc1 Nc5 26. b3 Rad8 27. Re2 Ne6 28. Ree1 Bc3 29. Rd1 Bd4 30. g4 Bxf2 31. Rxd8 Rxd8 32. gxf5 Nc5 33. Bg5 e3 34. Bxd8 e2 35. Kg2 exf1Q+ 36. Kxf1 Bd4 37. Ke2 h6 38. Kf3 Kg7 39. b4 Nd7 40. Ke4 Bc3 41. b5 Nc5+ 42. Ke3 cxb5 43. cxb5 Be5 44. Be7 Na4 45. Bd3 Nc3 46. Bc4 a6 47. bxa6 bxa6 48. Kd3 Nd1 49. Bxa6 Nf2+ 50. Ke3 Nxh3 51. Bc4 Ng5 52. a4 Bc7 53. Kd4 Nf7 54. Kd5 Ne5 55. Ke6 1-0

[Event "Cannes op"]
[Site "Cannes"]
[Date "1995.??.??"]
[Round "5"]
[White "Kalantaryan, Norayr"]
[Black "Anic, Darko"]
[Result "1/2-1/2"]
[WhiteElo "2460"]
[BlackElo "2410"]
[PlyCount "105"]
[EventDate "1995.02.??"]
[EventType "swiss"]
[EventRounds "9"]
[EventCountry "FRA"]
[SourceTitle "CBM 046 Extra"]
[Source "ChessBase"]
[SourceDate "1995.07.01"]
[SourceVersion "1"]
[SourceVersionDate "1995.07.01"]
[SourceQuality "1"]

1. d4 c6 2. c4 f5 3. Nc3 Nf6 4. Nf3 g6 5. g3 Bg7 6. Bg2 0-0 7. 0-0 d6 8. d5 e5 9. dxe6 Bxe6 10. Qd3 Na6 11. Ng5 Bc8 12. Bf4 Ne8 13. h4 Qf6 14. Rac1 h6 15. Nf3 Be6 16. b3 Rf7 17. Rfd1 Rd7 18. e4 Nc5 19. Qe3 Nxe4 20. Nxe4 fxe4 21. Qxe4 Bf5 22. Qe3 Kh7 23. Nd4 Re7 24. Qd2 Bg4 25. Bf3 Bxf3 26. Nxf3 Qf5 27. Qd3 Qxd3 28. Rxd3 Rd8 29. Rcd1 Re6 30. Kg2 Bf6 31. Be3 Be7 32. a4 a6 33. Bb6 Rc8 34. Nd4 Re5 35. Nf3 Re6 36. Be3 Bf6 37. Bf4 Rd8 38. Nh2 g5 39. hxg5 hxg5 40. Bd2 Kg6 41. Ng4 Bg7 42. Bb4 Rd7 43. Ba3 Bf8 44. Nh2 Rf7 45. Nf3 Re2 46. R1d2 Re4 47. Rd4 Re6 48. Rg4 Be7 49. Bb2 Kh5 50. Rgd4 Bf6 51. R4d3 Bxb2 52. Rxb2 Nc7 53. Nd4 1/2-1/2

[Event "Paris op"]
[Site "Paris"]
[Date "1995.??.??"]
[Round "?"]
[White "Kalantaryan, Norayr"]
[Black "De San Mateo, Fabrice"]
[Result "1-0"]
[WhiteElo "2460"]
[BlackElo "2215"]
[PlyCount "47"]
[EventDate "1995.04.??"]
[EventType "swiss"]
[EventRounds "9"]
[EventCountry "FRA"]
[SourceTitle "EXT 1997"]
[Source "ChessBase"]
[SourceDate "1996.11.15"]
[SourceVersion "1"]
[SourceVersionDate "1996.11.15"]
[SourceQuality "1"]

1. d4 f5 2. Nf3 Nf6 3. c4 e6 4. Nc3 d5 5. Bf4 c6 6. e3 Be7 7. h3 0-0 8. Bd3 Ne4 9. g4 Qa5 10. gxf5 Nxc3 11. bxc3 Qxc3+ 12. Kf1 dxc4 13. Be2 b5 14. Ne5 Bb7 15. fxe6 c5 16. d5 Bf6 17. Rc1 Qa3 18. Bh5 g6 19. Bxg6 hxg6 20. Rg1 Bxe5 21. Rxg6+ Bg7 22. Rxg7+ Kxg7 23. Qg4+ Kh7 24. Qh5+ 1-0

[Event "Cannes op"]
[Site "Cannes"]
[Date "1995.??.??"]
[Round "1"]
[White "Kalantaryan, Norayr"]
[Black "Moal, Alain"]
[Result "1-0"]
[WhiteElo "2460"]
[BlackElo "2325"]
[PlyCount "135"]
[EventDate "1995.02.??"]
[EventType "swiss"]
[EventRounds "9"]
[EventCountry "FRA"]
[SourceTitle "CBM 046 Extra"]
[Source "ChessBase"]
[SourceDate "1995.07.01"]
[SourceVersion "1"]
[SourceVersionDate "1995.07.01"]
[SourceQuality "1"]

1. d4 Nf6 2. c4 g6 3. Nc3 d5 4. cxd5 Nxd5 5. Bd2 Bg7 6. e4 Nb6 7. Be3 0-0 8. f4 Nc6 9. Nf3 Bg4 10. d5 Na5 11. Bd4 e5 12. Bxe5 Bxe5 13. fxe5 Bxf3 14. Qxf3 Qh4+ 15. g3 Qe7 16. 0-0-0 Qxe5 17. h4 Rad8 18. h5 c6 19. Bh3 Nac4 20. hxg6 hxg6 21. Rh2 Kg7 22. Rf2 cxd5 23. exd5 Qe3+ 24. Qxe3 Nxe3 25. Rd3 Nec4 26. b3 Nd6 27. Rc2 Rh8 28. Bg4 f5 29. Bf3 Rc8 30. Kb2 Kf6 31. Rf2 Nd7 32. Bg2 Ne5 33. Rdd2 Ng4 34. Rfe2 Rce8 35. Bf3 Ne5 36. Bg2 Ng4 37. Bf3 Ne5 38. Bg2 Re7 39. a4 b6 40. Nb5 Rd8 41. Nd4 Rde8 42. Kc3 a5 43. Rc2 Nd7 44. Rxe7 Rxe7 45. Ne6 Nc5 46. Kd4 Nxb3+ 47. Kd3 Rb7 48. Rc6 Ke7 49. Nf4 g5 50. Ng6+ Kd7 51. Ne5+ Ke7 52. Nc4 Nc5+ 53. Kd4 Nxc4 54. Kxc4 Nxa4 55. Kb5 Nc5 56. Rh6 Rd7 57. Rxb6 Ne4 58. Re6+ Kd8 59. Bxe4 fxe4 60. d6 Rf7 61. Kc6 Rf3 62. Rg6 Rf8 63. Rxg5 Kc8 64. Rxa5 Kb8 65. Rb5+ Ka7 66. d7 e3 67. Kc7 Ka6 68. Re5 1-0